Ciencia moderna y sabiduría tradicional

Salvato in:
Dettagli Bibliografici
Autore principale: Burckhardt, Titus (Autore)
Natura: Libro
Lingua:spagnolo
Pubblicazione: Madrid Taurus 1982
Serie:Biblioteca de Estudios Tradicionales, 10
Soggetti:
Tags: Aggiungi Tag
Nessun Tag, puoi essere il primo ad aggiungerne!!

MARC

LEADER 00000nam a2200000 a 4500
001 UCW8010
003 CL-VaPUC
008 880310e19820000SP |||||||||||||||||spa|d
082 0 4 |a 121  |b BUR  |2 21 
100 0 |a Burckhardt, Titus  |e author  |9 313122 
245 1 0 |a Ciencia moderna y sabiduría tradicional 
300 |a 127 p 
942 |c BK 
945 |d 19880310 00:00:00 
260 |a Madrid  |b Taurus  |c 1982 
650 0 |a Teoría del conocimiento   |9 255038 
583 |a last modification  |c 19880310 00:00:00  |k Rodrigo Vera 
490 0 |a Biblioteca de Estudios Tradicionales, 10 
999 |c 220527  |d 220525 
952 |0 0  |1 0  |4 0  |6 121_000000000000000_BUR_1982  |7 0  |8 A  |9 212876  |a BIBEDU  |b BIBEDU  |c ES_NOD  |d 2019-11-15  |i 2811758  |l 1  |o 121 BUR 1982  |p 2811758  |r 2023-09-04  |s 2023-08-29  |w 2019-11-15  |y BK  |k FIL